Responses for Show #6237 - Tuesday, November 1, 2011

Contestants

[<< previous game]

Emily Gifford, a historical researcher and writer from Middletown, Connecticut

Dave Burnstein, an attorney from Louisville, Kentucky

Evan Sandman, a hotel front desk manager from Los Angeles, California (whose 1-day cash winnings total $28,801)

[next game >>]

Jeopardy! Round responses

BALLET IT ON THICK
HANDGUNS
NATIONAL FOOD DAYS
HUSBANDRY
A LOT OF HAPPY TALK
WORDS CONTAINING BODY PARTS
    $200 7
Mikhail Baryshnikov

Evan
    $200 4
Annie Oakley

Evan
    $200 1
mushrooms

Evan
    $200 12
Russell Brand

Evan
    $200 24
Madame Bovary

Emily
    $200 21
appear

Evan
    $400 8
Billy Elliot

Evan
    $400 14
a Saturday Night Special

Dave
    $400 2
(Emily: What is chicken?)
(Alex: Be more specific.)
(Emily: What is [*]?)

fried chicken

Emily
    $400 13
True Blood

Dave
    $400 25
(Evan: Who is Socrates?)
...
(Alex: Yes, Shaq is "the Big Aristotle".)

Aristotle

EvanDave
    $400 22
crib notes

Evan
    $1,200 9
Swan Lake

Evan
    $600 15
James Brady

Emily
    $600 3
(Evan: What is fish?)

clam chowder

EvanDave
    $600 16
Jay Z

Emily
    $600 28
Anna Karenina

Dave
    $600 23
a clipping

Emily
    $800 10
Balanchine

Evan
    $800 19
Colt

Evan
    $800 5
macaroons

Evan
    $800 17
Marc Anthony

Emily
    $800 29
Dylan Thomas

Evan
    $800 26
vetoed

Evan
    $1000 11
The Firebird

Evan
    $1000 20
modern pentathlon

Triple Stumper
    $1000 6
gazpacho

Emily
    $1000 18
Josh Duhamel

Triple Stumper
    $1000 30
(A.E.) Housman

Emily
    $1000 27
(Emilly: What is a posey?)

a nosegay

Emily
Triple Stumper

Scores at the first commercial break (after clue 15):

Evan Dave Emily
$4,400 $1,400 $2,000

Scores at the end of the Jeopardy! Round:

Evan Dave Emily
$7,000 $2,400 $4,200

Double Jeopardy! Round responses

DESIGNING WOMEN
THE FACTS OF LIFE
ST. ELSEWHERE
CHEERS
DYNASTY
(Alex: You have to name the royal dynasty.)
BACK TO '80s TV
    $400 12
(Coco) Chanel

Emily
    $400 11
an egg

Emily
    $400 6
[Evan pronounces his answer in a Scotttish brogue]

St. Andrews

Evan
    $400 17
hurrah

Evan
    $400 20
Ming

Evan
    $400 1
The A-Team

Evan
    $800 13
Vera Wang

Emily
    $800 27
order

Evan
    $800 7
St. Kitts

Emily
    $800 18
sis boom bah

Triple Stumper
    $800 21
Romanov

Evan
    $800 2
Sinbad

Dave
    $1200 14
Betsey Johnson

Emily
    $1200 28
the retina

Triple Stumper
    $1200 8
St. John's

Evan
    $1200 19
war

Emily
    $1200 22
Bourbon

Evan
    $1200 3
Miami Vice

Emily
    $1600 15
Donatella Versace

Emily
    $1600 29
amino acids

Evan
    $1600 9
St. Moritz

Emily
    $2,000 25
[Evan smiles broadly before giving the correct response.]
(Alex: I would expect a Harvard man to know that about Yale.)

frogs

Evan
    $1600 23
Tudor

Evan
    $1600 4
Knight Rider

Emily
    $2000 16
[Applause for Emily's run of the category]
(Alex: You did well on that category. You got them all, and as a result, you have a big lead--$4,800 more than Evan at the moment. Go again.)

Alexander McQueen

Emily
    $4,000 30
medulla oblongata

Evan
    $2000 10
(Dave: What is St. Croix?)

St. Thomas

EvanDave
    $2000 26
KU

Evan
    $2000 24
(Dave: What is Bourbon?)
...

(Alex: And that gives you the lead again.)
[Applause for Evan's run of the category]

Hapsburg

EvanDave
    $2000 5
Hulk Hogan

Dave

Scores at the end of the Double Jeopardy! Round:

Evan Dave Emily
$27,800 $1,200 $17,000

[wagering suggestions for these scores]

Final Jeopardy! Round responses

CHILDREN'S LIT
DaveWhat is Swiss Family Robinson
$1,200
EmilyWhat is Heidi?
$16,800
EvanWhat is Pippi Longstocking
$6,201
Heidi

Final scores:

Evan Dave Emily
$21,599 $0 $33,800
2nd place: $2,000 3rd place: $1,000 New champion: $33,800

Game dynamics:

Coryat scores:

Evan Dave Emily
$24,800 $1,200 $17,000
29 R
(including 3 DDs),
2 W
7 R,
2 W
19 R,
1 W

Combined Coryat: $43,000

[game clues] [game scores] [suggest correction]

Game tape date: 2011-09-21
The J! Archive is created by fans, for fans. Scraping, republication, monetization, and malicious use prohibited; this site may use cookies and collect identifying information. See terms. The Jeopardy! game show and all elements thereof, including but not limited to copyright and trademark thereto, are the property of Jeopardy Productions, Inc. and are protected under law. This website is not affiliated with, sponsored by, or operated by Jeopardy Productions, Inc. Join the discussion at JBoard.tv.